000 01381nam a2200289 aa4500
001 000024469
005 20240229073944.0
008 090701s1987 dr 000 0 spa d
040 _aDO-SdBNP
_bspa
_cBNPHU
082 _a330.97293
_bR788f, 1987
100 1 _aRosa, Antonio de la,
_d1864-1924
_950169
240 1 4 _aLes finances de Saint-Domingue et le controle Americain
_lespañol
245 1 3 _aLas finanzas de Santo Domingo y el control americano /
_cAntonio de la Rosa ; edición José Chez Checo.
260 _aSanto Domingo :
_bSociedad Dominicana de Bibliófilos,
_c1987 .
300 _a268 p. ;
_c23 cm.
500 _aIncluye reproducción facsimilar de la portada de la edición: París: A. Pedone Editeur, 1915.
504 _aBibliografías: p 251-259.
534 _pPublicado originamente en francés:
_tLes finances de Saint-Domingue et le controle AmericainA. Pedone.
_cParís: A. Pedone Editeur, 1915
504 _aBibliografía: p 251-259.
590 _aInventariado. 2018/VM
651 4 _aRepública Dominicana
_xCondiciones Económicas
_ySIGLO XIX
_97414
651 4 _aRepública Dominicana
_xCondiciones Sociales
_ySIGLO XIX
_97415
650 4 _aPolítica de finanzas públicas
_97416
650 4 _aInversiones estadounidenses
_zRepública Dominicana
_97417
700 1 _aChez Checo, José,
_d1949-
_eed.
_910145
910 _aValidado. Control de calidad MMOLINA
999 _c23962
_d23962